| 000 | 00906nam a2200265 u 4500 | ||
|---|---|---|---|
| 005 | 20260320064147.0 | ||
| 008 | 161026s2015 es r 000 0 spa d | ||
| 020 | _a9788497848442 | ||
| 035 | _aUPN01000214266 | ||
| 049 | _aCG | ||
| 050 | 4 |
_aP94.6 _bJ4.2 |
|
| 100 | 1 |
_aJenkins, Henry _940103 |
|
| 245 | 1 | 0 |
_aCultura transmedia : _bla creación de contenido y valor en una cultura en red / _cHenry Jenkins, Sam Ford, Joshua Green. |
| 260 |
_aBarcelona, Esp. : _bGedisa, _c2015. |
||
| 300 | _a350 p. | ||
| 440 | 0 |
_aComunicación ; _v60 |
|
| 534 |
_pTítulo original: _tSpreadable media |
||
| 650 | 4 |
_aMEDIOS MASIVOS DE COMUNICACION Y CULTURA _924028 |
|
| 650 | 4 |
_aMedios masivos de comunicación y tecnología _9316 |
|
| 650 | 2 |
_aMedios masivos de comunicación _xAspectos sociales _95452 |
|
| 700 | 1 |
_aFord, Sam, _ecoaut. |
|
| 700 | 1 |
_aGreen, Joshua, _ecoaut. |
|
| 905 | _aLibro | ||
| 999 |
_c186366 _d186366 |
||